مبادرة الحزام والطريق وانعكاساتها المستقبلية الاقتصادية والسياسية على مصر/

تعتبر الأنشطة والخدمات اللوجستية أحد الموضوعات الحيوية التي تزايد الاهتمام بها في السنوات الأخيرة في مجال إدارة الاعمال المتكاملة من حيث مفهومها واهميتها ومكوناتها وممارستها في منظمات الأعمال المعاصرة....

全面介绍

Saved in:
书目详细资料
企业作者: معهد التخطيط القومي
其他作者: نصار، محمد على، (باحث.)
格式: 图书
语言:阿拉伯语
出版: القاهرة : معهد التخطيط القومي، 2018.
丛编:سلسلة قضايا التخطيط والتنمية ؛ 289.
主题:
标签: 添加标签
没有标签, 成为第一个标记此记录!

MARC

LEADER 00000nam a2200000 4500
003 INP
005 20190319132250.0
008 180115s2018 ua a|||| |||| 00| 0 ara d
952 |0 0  |1 0  |4 0  |6 338_900000000000000_س_ق_289  |7 0  |9 19449  |a INP  |b INP  |c MAIN  |d 2019-03-19  |l 0  |o 338.9 س.ق 289  |p 020450  |r 2022-03-28 00:00:00  |w 2019-03-19  |y PDIS 
952 |0 0  |1 0  |4 0  |6 338_900000000000000_س_ق_289  |7 0  |9 19450  |a INP  |b INP  |c MAIN  |d 2019-03-19  |l 0  |o 338.9 س.ق 289  |p 020399  |r 2019-06-27 00:00:00  |w 2019-03-19  |y PDIS 
952 |0 0  |1 0  |4 0  |6 338_900000000000000_س_ق_289  |7 0  |9 19451  |a INP  |b INP  |c MAIN  |d 2019-03-19  |l 0  |o 338.9 س.ق 289  |p 020398  |r 2019-06-27 00:00:00  |w 2019-03-19  |y PDIS 
952 |0 0  |1 0  |4 0  |6 338_900000000000000_س_ق_289  |7 0  |9 19452  |a INP  |b INP  |c MAIN  |d 2019-03-19  |l 0  |o 338.9 س.ق 289  |p 020397  |r 2022-03-28 00:00:00  |w 2019-03-19  |y PDIS 
952 |0 0  |1 0  |4 0  |6 338_900000000000000_س_ق_289  |7 0  |9 19453  |a INP  |b INP  |c MAIN  |d 2019-03-19  |l 0  |o 338.9 س.ق 289  |p 020393  |r 2022-03-28 00:00:00  |w 2019-03-19  |y PDIS 
999 |c 16130  |d 16130 
040 |a EG-INP  |b ara  |c EG-INP 
082 0 4 |2 21  |a 338.9  |b س.ق 289 
110 2 |a معهد التخطيط القومي. 
245 1 0 |a مبادرة الحزام والطريق وانعكاساتها المستقبلية الاقتصادية والسياسية على مصر/  |c معهد التخطيط القومي ؛ الباحث الرئيسي محمد على نصار. 
260 |a القاهرة :   |b معهد التخطيط القومي،  |c 2018. 
300 |a 197 ص. :   |b إيض ؛   |c 24 سم. 
490 |a سلسلة قضايا التخطيط والتنمية ؛   |v 289. 
500 |a إصدار يونيو 2018. 
504 |a يشتمل علي إرجاعات ببليوجرافية. 
520 |a تعتبر الأنشطة والخدمات اللوجستية أحد الموضوعات الحيوية التي تزايد الاهتمام بها في السنوات الأخيرة في مجال إدارة الاعمال المتكاملة من حيث مفهومها واهميتها ومكوناتها وممارستها في منظمات الأعمال المعاصرة. 
650 7 |2 qrmak  |a النقل. 
650 7 |2 qrmak  |a استشراق المستقبل. 
650 7 |2 qrmak  |a النظام العالمى الجديد. 
651 |2 مصر. 
700 1 |a نصار، محمد على،   |e باحث. 
901 |a EGPV19 
902 |a EGPV19 
903 |a original 
942 |2 ddc  |c PDIS